[Event "Semiahmoo op Premier"]
[Site "White Rock CAN"]
[Date "2017.08.06"]
[Round "4.9"]
[White "Ferguson, Peter"]
[Black "Roback, Joe"]
[Result "0-1"]
[WhiteElo "2143"]
[BlackElo "2053"]
[WhiteFideId "-1"]
[WhiteFideId "-1"]
[PlyCount "98"]
[GameId "2160767908347579"]
[EventDate "2017.08.05"]
[EventType "swiss"]
[EventRounds "6"]
[EventCountry "CAN"]
[SourceTitle "EXT 2022"]
[Source "ChessBase"]
[SourceDate "2021.10.06"]
[SourceVersion "1"]
[SourceVersionDate "2021.10.06"]
[SourceQuality "1"]

1. e4 c5 2. Nf3 d6 3. d4 cxd4 4. Nxd4 Nf6 5. Nc3 a6 6. Bd3 e5 7. Nde2 Be6 8. f4 Be7 9. f5 Bd7 10. Bg5 Bc6 11. Bxf6 Bxf6 12. Bc4 O-O 13. a4 Qa5 14. Qxd6 Rd8 15. Qa3 Bh4+ 16. g3 Bg5 17. O-O Nd7 18. h4 Be3+ 19. Kh2 Nf6 20. Qb3 Rd7 21. Kh3 h5 22. Bd5 Rad8 23. Na2 Ng4 24. Nb4 Bxd5 25. Nxd5 Qd2 26. Qc4 Ba7 27. Rad1 Nf2+ 28. Rxf2 Qxd1 29. Rg2 Rd6 30. Nec3 Qg4+ 31. Kh2 Bd4 32. b3 Bxc3 33. Nxc3 Rc6 34. Qb4 Rc7 35. Qb6 Rcd7 36. f6 Rd2 37. Qe3 Rxg2+ 38. Kxg2 gxf6 39. Nd5 Kg7 40. c4 Rd7 41. Kh2 f5 42. exf5 Qxf5 43. b4 f6 44. b5 Qc2+ 45. Kh3 Qxc4 46. Nb6 Qe6+ 47. Kh2 Rd4 48. a5 Qa2+ 49. Kh3 Rd2 0-1

[Event "Semiahmoo op Premier"]
[Site "White Rock CAN"]
[Date "2017.08.07"]
[Round "5.1"]
[White "Patterson, Roger"]
[Black "Doknjas, Joshua"]
[Result "1/2-1/2"]
[WhiteElo "2107"]
[BlackElo "2203"]
[WhiteFideId "-1"]
[WhiteFideId "-1"]
[PlyCount "47"]
[GameId "2160767908347580"]
[EventDate "2017.08.05"]
[EventType "swiss"]
[EventRounds "6"]
[EventCountry "CAN"]
[SourceTitle "EXT 2022"]
[Source "ChessBase"]
[SourceDate "2021.10.06"]
[SourceVersion "1"]
[SourceVersionDate "2021.10.06"]
[SourceQuality "1"]

1. c4 c5 2. Nc3 g6 3. g3 Bg7 4. Bg2 Nc6 5. e4 e6 6. Nge2 Nge7 7. d3 d6 8. O-O O-O 9. Rb1 b6 10. Be3 Nd4 11. a3 Bb7 12. b4 Qd7 13. Qd2 Rad8 14. Bh6 d5 15. Bxg7 Kxg7 16. cxd5 exd5 17. bxc5 dxe4 18. Nxd4 Qxd4 19. cxb6 axb6 20. Qb2 Ba6 21. Nxe4 Bxd3 22. Rfd1 Qxb2 23. Rxb2 Bc4 24. Rc1 1/2-1/2

[Event "Semiahmoo op Premier"]
[Site "White Rock CAN"]
[Date "2017.08.07"]
[Round "5.4"]
[White "Hiebert, Kenji"]
[Black "Doknjas, John"]
[Result "0-1"]
[WhiteElo "2031"]
[BlackElo "2278"]
[WhiteFideId "-1"]
[WhiteFideId "-1"]
[PlyCount "100"]
[GameId "2160767908347583"]
[EventDate "2017.08.05"]
[EventType "swiss"]
[EventRounds "6"]
[EventCountry "CAN"]
[SourceTitle "EXT 2022"]
[Source "ChessBase"]
[SourceDate "2021.10.06"]
[SourceVersion "1"]
[SourceVersionDate "2021.10.06"]
[SourceQuality "1"]

1. Nf3 c5 2. e4 d6 3. Bb5+ Bd7 4. Bxd7+ Qxd7 5. c4 Nf6 6. Nc3 Nc6 7. d4 cxd4 8. Nxd4 g6 9. f3 Bg7 10. Be3 O-O 11. O-O e6 12. Rc1 a6 13. Nxc6 Qxc6 14. Qd3 Nd7 15. b3 Nc5 16. Qe2 Rab8 17. Rfd1 Rfd8 18. Bf4 Be5 19. Bxe5 dxe5 20. Qe3 Rbc8 21. Rd2 Rxd2 22. Qxd2 Qb6 23. Qe3 Rd8 24. Rd1 Rxd1+ 25. Nxd1 Qd6 26. Nb2 a5 27. a3 Na6 28. Qc3 Qxa3 29. Qxe5 Qxb3 30. Qd4 Qb4 31. Qd8+ Kg7 32. Nd3 Qxc4 33. e5 Qd5 34. Qf6+ Kg8 35. Nf4 Qc5+ 36. Kf1 Qc1+ 37. Kf2 Qc2+ 38. Ke3 Qc7 39. h4 Nb4 40. h5 Nc6 41. Nd3 Qe7 42. Qxe7 Nxe7 43. hxg6 hxg6 44. Kd4 Nd5 45. Kc5 a4 46. Kb5 a3 47. Nc1 Nf4 48. Ka4 Nxg2 49. Kxa3 g5 50. Nd3 Kg7 0-1

[Event "Semiahmoo op Premier"]
[Site "White Rock CAN"]
[Date "2017.08.07"]
[Round "5.5"]
[White "McLaren, Brian"]
[Black "Roback, Joe"]
[Result "1-0"]
[WhiteElo "2167"]
[BlackElo "2053"]
[WhiteFideId "-1"]
[WhiteFideId "-1"]
[PlyCount "213"]
[GameId "2160767908347584"]
[EventDate "2017.08.05"]
[EventType "swiss"]
[EventRounds "6"]
[EventCountry "CAN"]
[SourceTitle "EXT 2022"]
[Source "ChessBase"]
[SourceDate "2021.10.06"]
[SourceVersion "1"]
[SourceVersionDate "2021.10.06"]
[SourceQuality "1"]

1. e4 c5 2. Nc3 Nc6 3. g3 g6 4. Bg2 Bg7 5. d3 Nf6 6. f4 O-O 7. Nf3 d6 8. O-O Bd7 9. h3 Rb8 10. Be3 Ne8 11. Qd2 Nd4 12. Rae1 b5 13. a3 a5 14. Qf2 Nc6 15. Nd1 a4 16. g4 b4 17. f5 bxa3 18. bxa3 Rb1 19. Qh4 Ra1 20. Bh6 Bf6 21. Ng5 Bxg5 22. Qxg5 Ng7 23. fxg6 fxg6 24. Qd2 Ne5 25. Qc3 Rb1 26. Rxf8+ Kxf8 27. Rf1+ Kg8 28. Ne3 Rxf1+ 29. Kxf1 Ne6 30. Nc4 Nf7 31. Be3 Qb8 32. Qb2 Bb5 33. Ke1 Qe8 34. Qc3 Qa8 35. Bc1 Qa6 36. Ne3 Nd4 37. Nd5 Qa7 38. Qb2 Ne5 39. Kd1 Kf7 40. Be3 Bc6 41. Qb6 Qxb6 42. Nxb6 Nb5 43. Bc1 Nd4 44. Bb2 Nd7 45. Nc4 Ne6 46. Bc1 Bb5 47. Ne3 Ne5 48. Bf1 Be8 49. Nd5 g5 50. Ne3 Kf8 51. Nf5 Bf7 52. Be3 Bg8 53. Kd2 Nf7 54. c3 Nc7 55. d4 e6 56. Ng3 cxd4 57. cxd4 h6 58. Kc3 d5 59. e5 Bh7 60. Nh5 Bb1 61. Nf6 Ke7 62. Kb4 Bc2 63. Kc5 Bb3 64. Bd2 Ne8 65. Nh5 Nd8 66. Be2 Nc7 67. Kb6 Ne8 68. Bb4+ Kf7 69. Bb5 Bc2 70. Ka5 Nb7+ 71. Ka6 Nc7+ 72. Kb6 Nxb5 73. Kxb5 Bb3 74. Kb6 Nd8 75. Kc7 Bc4 76. Kxd8 Bf1 77. Nf6 Bxh3 78. Kd7 Bf1 79. Kd6 Bc4 80. Bd2 Be2 81. Kc5 Bc4 82. Kb4 Bb3 83. Kc3 Bc4 84. Bc1 Be2 85. Kd2 Bf3 86. Ke3 Bd1 87. Kf2 Bc2 88. Nd7 Bd1 89. Kg3 Ke7 90. Nb6 Kd8 91. Bd2 Kc7 92. Ba5 Kc6 93. Nc8 Kb5 94. Bb4 Kc4 95. Bc5 Kd3 96. Nb6 Ke4 97. Nd7 Kd3 98. Nf8 h5 99. gxh5 Bxh5 100. Nxe6 Ke4 101. Nxg5+ Kf5 102. Nh3 Be8 103. Kf3 Bf7 104. Ke3 Bh5 105. Nf4 Bf7 106. e6 Bg8 107. e7 1-0

[Event "Semiahmoo op Premier"]
[Site "White Rock CAN"]
[Date "2017.08.07"]
[Round "5.6"]
[White "Li, James1"]
[Black "Tian, Sherry"]
[Result "1-0"]
[WhiteElo "2051"]
[BlackElo "1910"]
[WhiteFideId "-1"]
[WhiteFideId "-1"]
[PlyCount "125"]
[GameId "2160767908347585"]
[EventDate "2017.08.05"]
[EventType "swiss"]
[EventRounds "6"]
[EventCountry "CAN"]
[SourceTitle "EXT 2022"]
[Source "ChessBase"]
[SourceDate "2021.10.06"]
[SourceVersion "1"]
[SourceVersionDate "2021.10.06"]
[SourceQuality "1"]

1. e4 e6 2. d4 d5 3. Nd2 dxe4 4. Nxe4 Nd7 5. Nf3 Ngf6 6. Ng3 c5 7. c3 Qb6 8. Bd3 cxd4 9. cxd4 Bb4+ 10. Kf1 Nd5 11. Nh5 Bf8 12. g3 g6 13. Nf4 Bg7 14. Nxd5 exd5 15. Qe2+ Qe6 16. Qxe6+ fxe6 17. Kg2 O-O 18. Re1 Nb6 19. Bf4 Bd7 20. Rac1 Rac8 21. b3 Rxc1 22. Bxc1 Nc8 23. Ba3 Re8 24. Bb4 Ne7 25. Bxe7 Rxe7 26. a4 Re8 27. Re2 Rc8 28. Rc2 Bf6 29. h4 Kf7 30. g4 Rxc2 31. Bxc2 Ke7 32. Kg3 Be8 33. Kf4 Kd6 34. g5 Bg7 35. Ke3 Bd7 36. b4 e5 37. dxe5+ Bxe5 38. Nxe5 Kxe5 39. f4+ Kd6 40. Kd4 Bg4 41. a5 b6 42. Ba4 bxa5 43. bxa5 Be6 44. Bd1 Bf5 45. Bf3 Be6 46. Bg2 Bf7 47. Bh3 Be8 48. Bg4 Bf7 49. Bh3 Be8 50. f5 gxf5 51. Bxf5 Bg6 52. Bg4 Bc2 53. Bf3 Bg6 54. Bxd5 Bh5 55. Be4 Bg6 56. Bxg6 hxg6 57. Kc4 a6 58. Kd4 Ke6 59. Kc5 Kf5 60. Kb6 Kg4 61. Kxa6 Kxh4 62. Kb5 Kxg5 63. a6 1-0

[Event "Semiahmoo op Premier"]
[Site "White Rock CAN"]
[Date "2017.08.07"]
[Round "5.7"]
[White "Hemstapat, Andrew"]
[Black "James, Rowan"]
[Result "1-0"]
[WhiteElo "1993"]
[BlackElo "1938"]
[WhiteFideId "-1"]
[WhiteFideId "-1"]
[PlyCount "55"]
[GameId "2160767908347586"]
[EventDate "2017.08.05"]
[EventType "swiss"]
[EventRounds "6"]
[EventCountry "CAN"]
[SourceTitle "EXT 2022"]
[Source "ChessBase"]
[SourceDate "2021.10.06"]
[SourceVersion "1"]
[SourceVersionDate "2021.10.06"]
[SourceQuality "1"]

1. e4 e5 2. Bc4 Nc6 3. Nf3 Nf6 4. d4 exd4 5. O-O Nxe4 6. Re1 d5 7. Bxd5 Qxd5 8. Nc3 Qh5 9. Nxe4 Be6 10. Bg5 h6 11. Bf6 Qa5 12. Nxd4 Nxd4 13. Qxd4 gxf6 14. Nxf6+ Ke7 15. Nd5+ Ke8 16. b4 Bxb4 17. Qxh8+ Kd7 18. Qxa8 Bxe1 19. Ne3 Bd2 20. Rd1 Ke7 21. Qh8 c6 22. Qxh6 Bxe3 23. Qxe3 f6 24. h4 Qxa2 25. Qc5+ Kf7 26. g3 Qa4 27. h5 Qe4 28. Rd8 1-0

[Event "Semiahmoo op Premier"]
[Site "White Rock CAN"]
[Date "2017.08.07"]
[Round "5.8"]
[White "Sadoughian-Zadeh, Farshad"]
[Black "Ferguson, Peter"]
[Result "1-0"]
[WhiteElo "2130"]
[BlackElo "2143"]
[WhiteFideId "-1"]
[WhiteFideId "-1"]
[PlyCount "49"]
[GameId "2160767908347587"]
[EventDate "2017.08.05"]
[EventType "swiss"]
[EventRounds "6"]
[EventCountry "CAN"]
[SourceTitle "EXT 2022"]
[Source "ChessBase"]
[SourceDate "2021.10.06"]
[SourceVersion "1"]
[SourceVersionDate "2021.10.06"]
[SourceQuality "1"]

1. d4 g6 2. c4 Bg7 3. g3 Nh6 4. Bg2 O-O 5. Nf3 d6 6. Nc3 Nd7 7. d5 a6 8. h3 e5 9. dxe6 fxe6 10. O-O Nf7 11. Be3 Bh6 12. Qd2 Bxe3 13. Qxe3 e5 14. Rad1 h6 15. Nh4 Kg7 16. Qd3 Nh8 17. Qc2 Nc5 18. b4 Ne6 19. e3 Ng5 20. Kh2 Qd7 21. f4 exf4 22. exf4 Nxh3 23. Nd5 h5 24. Rde1 Rf7 25. Qc3+ 1-0

[Event "Semiahmoo op Premier"]
[Site "White Rock CAN"]
[Date "2017.08.07"]
[Round "6.3"]
[White "Doknjas, John"]
[Black "Patterson, Roger"]
[Result "1-0"]
[WhiteElo "2278"]
[BlackElo "2107"]
[WhiteFideId "-1"]
[WhiteFideId "-1"]
[PlyCount "47"]
[GameId "2160767908347590"]
[EventDate "2017.08.05"]
[EventType "swiss"]
[EventRounds "6"]
[EventCountry "CAN"]
[SourceTitle "EXT 2022"]
[Source "ChessBase"]
[SourceDate "2021.10.06"]
[SourceVersion "1"]
[SourceVersionDate "2021.10.06"]
[SourceQuality "1"]

1. d4 d5 2. c4 c6 3. Nf3 Nf6 4. Qc2 a6 5. Bf4 dxc4 6. Qxc4 e6 7. g3 c5 8. dxc5 Qd5 9. Qxd5 Nxd5 10. Bd6 Nd7 11. Bxf8 Kxf8 12. c6 bxc6 13. Bg2 Rb8 14. b3 Bb7 15. O-O Ke7 16. Rc1 Rhc8 17. Nbd2 c5 18. Ne1 N5b6 19. Nd3 Bxg2 20. Kxg2 Rc6 21. Rc2 Rbc8 22. Rac1 f6 23. Ne4 e5 24. Nb4 1-0

[Event "Semiahmoo op Premier"]
[Site "White Rock CAN"]
[Date "2017.08.07"]
[Round "6.4"]
[White "Doknjas, Neil"]
[Black "McLaren, Brian"]
[Result "0-1"]
[WhiteElo "1866"]
[BlackElo "2167"]
[WhiteFideId "-1"]
[WhiteFideId "-1"]
[PlyCount "82"]
[GameId "2160767908347591"]
[EventDate "2017.08.05"]
[EventType "swiss"]
[EventRounds "6"]
[EventCountry "CAN"]
[SourceTitle "EXT 2022"]
[Source "ChessBase"]
[SourceDate "2021.10.06"]
[SourceVersion "1"]
[SourceVersionDate "2021.10.06"]
[SourceQuality "1"]

1. e4 Nf6 2. e5 Nd5 3. d4 d6 4. c4 Nb6 5. exd6 exd6 6. Nc3 Be7 7. Bd3 O-O 8. Nf3 Bg4 9. O-O c6 10. h3 Bh5 11. b3 d5 12. c5 Nc8 13. Be2 Nd7 14. Bf4 Re8 15. Ne5 Bxe2 16. Nxe2 g6 17. Nxd7 Qxd7 18. Be5 Bxc5 19. dxc5 Rxe5 20. f4 Re8 21. f5 Qe7 22. Nf4 Qxc5+ 23. Kh1 Nd6 24. fxg6 hxg6 25. Nxg6 fxg6 26. Qg4 Kg7 27. Qd7+ Kh6 28. Rf6 Qd4 29. Raf1 Rad8 30. Qc7 Qe5 31. R1f4 Nf5 32. Qf7 Qe1+ 33. Kh2 Qg3+ 34. Kg1 Re1+ 35. Rf1 Rxf1+ 36. Kxf1 d4 37. Kg1 Ne3 38. Rf2 d3 39. Qe7 d2 40. Rxd2 Qe1+ 41. Kh2 Nf1+ 0-1

[Event "Semiahmoo op Premier"]
[Site "White Rock CAN"]
[Date "2017.08.07"]
[Round "6.5"]
[White "Hemstapat, Andrew"]
[Black "Li, James1"]
[Result "1-0"]
[WhiteElo "1993"]
[BlackElo "2051"]
[WhiteFideId "-1"]
[WhiteFideId "-1"]
[PlyCount "45"]
[GameId "2160767908347592"]
[EventDate "2017.08.05"]
[EventType "swiss"]
[EventRounds "6"]
[EventCountry "CAN"]
[SourceTitle "EXT 2022"]
[Source "ChessBase"]
[SourceDate "2021.10.06"]
[SourceVersion "1"]
[SourceVersionDate "2021.10.06"]
[SourceQuality "1"]

1. e4 e5 2. Bc4 Nc6 3. Nf3 Nf6 4. d4 exd4 5. O-O Nxe4 6. Re1 d5 7. Bxd5 Qxd5 8. Nc3 Qd7 9. Nxe4 Be7 10. Bg5 O-O 11. Bxe7 Nxe7 12. Nxd4 Nc6 13. Nxc6 Qxc6 14. Qh5 b6 15. Re3 Qxc2 16. Rae1 Bb7 17. Nf6+ Kh8 18. Rg3 Rad8 19. h3 Rd6 20. Qxf7 Qxf2+ 21. Kxf2 Rxf6+ 22. Qxf6 Rxf6+ 23. Rf3 1-0

[Event "Semiahmoo op Premier"]
[Site "White Rock CAN"]
[Date "2017.08.07"]
[Round "6.6"]
[White "Su, Michael"]
[Black "Hiebert, Kenji"]
[Result "0-1"]
[WhiteElo "1984"]
[BlackElo "2031"]
[WhiteFideId "-1"]
[WhiteFideId "-1"]
[PlyCount "96"]
[GameId "2160767908347593"]
[EventDate "2017.08.05"]
[EventType "swiss"]
[EventRounds "6"]
[EventCountry "CAN"]
[SourceTitle "EXT 2022"]
[Source "ChessBase"]
[SourceDate "2021.10.06"]
[SourceVersion "1"]
[SourceVersionDate "2021.10.06"]
[SourceQuality "1"]

1. d4 Nf6 2. c4 e6 3. Nc3 Bb4 4. e3 O-O 5. Nge2 c6 6. a3 Ba5 7. b4 Bc7 8. e4 d5 9. e5 Nfd7 10. cxd5 exd5 11. f4 f6 12. e6 Nb6 13. f5 a5 14. b5 Nc4 15. Nf4 Nd6 16. Bd3 Nxb5 17. Bxb5 cxb5 18. Nfxd5 Na6 19. O-O Bd6 20. Qe2 Re8 21. Qxb5 Nc7 22. Nxc7 Bxc7 23. Qc4 Kh8 24. Nd5 Bd6 25. Bf4 Bxf4 26. Nxf4 b6 27. Rf3 Ba6 28. Qc3 Qd6 29. Qe3 Rad8 30. Rd1 Qc6 31. Rh3 Qc2 32. Qf3 Qxf5 33. Rh5 Qc2 34. Qg4 Kg8 35. Rh3 Re7 36. Re3 f5 37. Qf3 g5 38. Nh5 g4 39. Nf6+ Kg7 40. Nxg4 fxg4 41. Qxg4+ Kh8 42. d5 Rg7 43. Qf3 Rxg2+ 44. Qxg2 Qxd1+ 45. Kf2 Rf8+ 46. Rf3 Qe2+ 47. Kg1 Qe1+ 48. Qf1 Bxf1 0-1

[Event "Semiahmoo op Premier"]
[Site "White Rock CAN"]
[Date "2017.08.07"]
[Round "6.7"]
[White "Roback, Joe"]
[Black "Sadoughian-Zadeh, Farshad"]
[Result "0-1"]
[WhiteElo "2053"]
[BlackElo "2130"]
[WhiteFideId "-1"]
[WhiteFideId "-1"]
[PlyCount "64"]
[GameId "2160767908347594"]
[EventDate "2017.08.05"]
[EventType "swiss"]
[EventRounds "6"]
[EventCountry "CAN"]
[SourceTitle "EXT 2022"]
[Source "ChessBase"]
[SourceDate "2021.10.06"]
[SourceVersion "1"]
[SourceVersionDate "2021.10.06"]
[SourceQuality "1"]

1. e4 e6 2. d4 d5 3. e5 c5 4. c3 Nc6 5. Nf3 Bd7 6. Be2 Nge7 7. Na3 cxd4 8. cxd4 a6 9. Nc2 Rc8 10. h4 Qb6 11. Ne3 Rc7 12. Kf1 Nf5 13. Nxf5 exf5 14. b3 Bb4 15. Bd2 O-O 16. Be3 Rfc8 17. g3 Ba3 18. Kg2 Nb4 19. Ne1 h6 20. Qd2 Bc1 21. Qd1 Bxe3 22. fxe3 Rc3 23. Qd2 Nc2 24. Nxc2 Rxc2 25. Qd1 Qb4 26. Kf3 f4 27. Kxf4 Rd2 28. Qe1 Rcc2 29. Rh2 Qe7 30. Rd1 g5+ 31. Kf3 Bg4+ 32. Kxg4 Qe6+ 0-1

[Event "Semiahmoo op Premier"]
[Site "White Rock CAN"]
[Date "2017.08.07"]
[Round "6.8"]
[White "Ferguson, Peter"]
[Black "Tian, Sherry"]
[Result "0-1"]
[WhiteElo "2143"]
[BlackElo "1910"]
[WhiteFideId "-1"]
[WhiteFideId "-1"]
[PlyCount "116"]
[GameId "2160767908347595"]
[EventDate "2017.08.05"]
[EventType "swiss"]
[EventRounds "6"]
[EventCountry "CAN"]
[SourceTitle "EXT 2022"]
[Source "ChessBase"]
[SourceDate "2021.10.06"]
[SourceVersion "1"]
[SourceVersionDate "2021.10.06"]
[SourceQuality "1"]

1. e4 e6 2. d4 d5 3. e5 c5 4. dxc5 Nc6 5. Nf3 Bxc5 6. Bd3 Nge7 7. O-O Ng6 8. Qe2 Qc7 9. Re1 Bd7 10. c3 O-O 11. h4 f6 12. b4 Be7 13. Qc2 Ncxe5 14. Nxe5 Nxe5 15. Bxh7+ Kh8 16. Bd3 Nxd3 17. Qxd3 Rac8 18. Bd2 Qc4 19. Qh3 Rfd8 20. Na3 Qc6 21. Nc2 e5 22. Qf3 Be6 23. Re3 Kg8 24. Rae1 Qd7 25. Qe2 Bf8 26. Rg3 d4 27. Na3 a5 28. h5 dxc3 29. Bh6 axb4 30. Bxg7 Bxg7 31. h6 bxa3 32. Rxg7+ Qxg7 33. hxg7 Kxg7 34. Rc1 Rd2 35. Qe3 Rxa2 36. Rxc3 Ra1+ 37. Kh2 Rxc3 38. Qxc3 Ra2 39. Qc7+ Kg6 40. Qd6 Bf7 41. Qb4 Rb2 42. Qxa3 Rb3 43. Qe7 b5 44. f3 Kg7 45. Kg3 b4 46. Kg4 Kg6 47. Qd7 Rc3 48. Qf5+ Kg7 49. g3 Rc4+ 50. f4 b3 51. Qd3 exf4 52. gxf4 b2 53. Qb1 Rb4 54. Kh3 Bg6 55. f5 Bxf5+ 56. Qxf5 b1=Q 57. Qd7+ Kg6 58. Qg4+ Rxg4 0-1

[Event "Sherbrooke op"]
[Site "Sherbrooke CAN"]
[Date "2017.05.27"]
[Round "3"]
[White "Hirschberg, Valerian"]
[Black "Beaudry, Marc-Andre"]
[Result "1-0"]
[WhiteElo "2329"]
[BlackElo "2042"]
[WhiteFideId "-1"]
[WhiteFideId "-1"]
[PlyCount "51"]
[GameId "2160767908411350"]
[EventDate "2017.05.26"]
[EventType "swiss"]
[EventRounds "5"]
[EventCountry "CAN"]
[SourceTitle "mab"]

1. Nf3 Nf6 2. c4 c5 3. g3 d5 4. cxd5 Nxd5 5. Bg2 Nc6 6. Nc3 Nc7 7. O-O e5 8. a3 f6 9. Rb1 a5 10. d3 Be7 11. Be3 Rb8 12. Nd2 O-O 13. Nc4 Bd7 14. Bxc6 Bxc6 15. Nxa5 Be8 16. b4 b6 17. Nc4 Ne6 18. bxc5 b5 19. Qb3 Kh8 20. a4 Nd4 21. Bxd4 exd4 22. Nxb5 Bxc5 23. Rfc1 Qe7 24. Qc2 Bh5 25. Na5 Rfc8 26. Nb3 1-0

[Event "Sherbrooke op"]
[Site "Sherbrooke CAN"]
[Date "2017.05.27"]
[Round "4"]
[White "Beaudry, Marc-Andre"]
[Black "Potvin, Alain-Nicolas"]
[Result "1-0"]
[WhiteElo "2042"]
[BlackElo "1860"]
[WhiteFideId "-1"]
[WhiteFideId "-1"]
[PlyCount "47"]
[GameId "2160767908411351"]
[EventDate "2017.05.26"]
[EventType "swiss"]
[EventRounds "5"]
[EventCountry "CAN"]
[SourceTitle "mab"]

1. c4 Nf6 2. Nc3 g6 3. e4 d6 4. d4 Bg7 5. f3 O-O 6. Be3 e5 7. d5 Nh5 8. Qd2 Qh4+ 9. g3 Nxg3 10. Qf2 Nxf1 11. Qxh4 Nxe3 12. Ke2 Nxc4 13. Rc1 Bd7 14. b3 Nb6 15. a4 a5 16. Nh3 f6 17. Nb5 Bxb5+ 18. axb5 Rc8 19. Nf2 N8d7 20. Nd3 h5 21. Rhg1 Nf8 22. f4 exf4 23. Nxf4 Kh7 24. Nxg6 1-0

[Event "Sherbrooke op"]
[Site "Sherbrooke CAN"]
[Date "2017.05.27"]
[Round "4"]
[White "Tomb, Maroun"]
[Black "Beaudry, Marc-Andre"]
[Result "1-0"]
[WhiteElo "2180"]
[BlackElo "2042"]
[WhiteFideId "-1"]
[WhiteFideId "-1"]
[PlyCount "66"]
[GameId "2160767739837743"]
[EventDate "2017.05.26"]
[EventType "swiss"]
[EventRounds "5"]
[EventCountry "CAN"]

1. e4 e6 2. d4 d5 3. Nd2 Nf6 4. e5 Nfd7 5. f4 c5 6. c3 Nc6 7. Ndf3 Qb6 8. Ne2 f6 9. a3 cxd4 10. cxd4 Na5 11. b4 Nc4 12. Nc3 Qc6 13. Qb3 Be7 14. Bd3 O-O 15. O-O Ndb6 16. a4 a5 17. b5 Qc7 18. Ne2 Bd7 19. Ra2 Be8 20. Ng3 Bg6 21. Bxg6 hxg6 22. Qd3 f5 23. Nh1 Kf7 24. Nf2 Rh8 25. Nh3 Qd7 26. Nhg5+ Ke8 27. Qd1 Rc8 28. Ne1 Bxg5 29. fxg5 Qe7 30. Nd3 Nd7 31. g3 Kf7 32. h4 Rh7 33. Qb3 Rhh8 {...} 1-0

[Event "Ste Foy Alekhine"]
[Site "Ste Foy CAN"]
[Date "2017.09.11"]
[Round "1"]
[White "Bluteau, Yvon"]
[Black "Ayotte, Charles"]
[Result "1-0"]
[WhiteElo "1813"]
[BlackElo "1381"]
[WhiteFideId "-1"]
[WhiteFideId "-1"]
[PlyCount "37"]
[GameId "2160767908338634"]
[EventDate "2017.09.11"]
[EventType "swiss"]
[EventRounds "5"]
[EventCountry "CAN"]
[SourceTitle "EXT 2022"]
[Source "ChessBase"]
[SourceDate "2021.10.06"]
[SourceVersion "1"]
[SourceVersionDate "2021.10.06"]
[SourceQuality "1"]

1. Nf3 d5 2. c4 Nf6 3. e3 e6 4. Nc3 c5 5. cxd5 exd5 6. d4 Nc6 7. Bb5 Bd7 8. O-O Be7 9. dxc5 Bxc5 10. Nxd5 Be6 11. Nxf6+ Qxf6 12. Qc2 Qe7 13. Bxc6+ bxc6 14. b4 Bd5 15. bxc5 Bxf3 16. gxf3 Qg5+ 17. Kh1 O-O 18. Bb2 Qh5 19. Qe4 1-0

[Event "Ste Foy Alekhine"]
[Site "Ste Foy CAN"]
[Date "2017.09.11"]
[Round "1"]
[White "Cossette, Daniel"]
[Black "Rouleau, Claude"]
[Result "1-0"]
[WhiteElo "2065"]
[BlackElo "1638"]
[WhiteFideId "-1"]
[WhiteFideId "-1"]
[PlyCount "71"]
[GameId "2160767908338635"]
[EventDate "2017.09.11"]
[EventType "swiss"]
[EventRounds "5"]
[EventCountry "CAN"]
[SourceTitle "EXT 2022"]
[Source "ChessBase"]
[SourceDate "2021.10.06"]
[SourceVersion "1"]
[SourceVersionDate "2021.10.06"]
[SourceQuality "1"]

1. e4 c5 2. Nf3 g6 3. d4 cxd4 4. Nxd4 Bg7 5. c4 d6 6. Nc3 Nf6 7. Be3 Nc6 8. Be2 Bd7 9. O-O O-O 10. Qd2 Qc8 11. f3 b6 12. Rfc1 Qb7 13. Rab1 Rac8 14. b4 Qa8 15. a3 Rfd8 16. Nb3 Ne5 17. Nd5 Nxd5 18. cxd5 Rxc1+ 19. Rxc1 Qb7 20. Nd4 Rc8 21. f4 Ng4 22. Bxg4 Bxg4 23. Nc6 Kf8 24. b5 a6 25. a4 axb5 26. axb5 Qa8 27. Qb4 Qb7 28. h3 Bd7 29. e5 Bxc6 30. bxc6 Qb8 31. exd6 Qxd6 32. Qxd6 exd6 33. Bxb6 Bf6 34. Rc4 Bd8 35. Bxd8 Rxd8 36. Rb4 1-0

[Event "Ste Foy Alekhine"]
[Site "Ste Foy CAN"]
[Date "2017.09.11"]
[Round "1"]
[White "Poitras, Marc"]
[Black "Tremblay-Alix, Eric"]
[Result "0-1"]
[WhiteElo "1382"]
[BlackElo "1828"]
[WhiteFideId "-1"]
[WhiteFideId "-1"]
[PlyCount "38"]
[GameId "2160767908338637"]
[EventDate "2017.09.11"]
[EventType "swiss"]
[EventRounds "5"]
[EventCountry "CAN"]
[SourceTitle "EXT 2022"]
[Source "ChessBase"]
[SourceDate "2021.10.06"]
[SourceVersion "1"]
[SourceVersionDate "2021.10.06"]
[SourceQuality "1"]

1. e4 e5 2. Nf3 Nf6 3. Nc3 Bb4 4. Ne2 Nxe4 5. Nxe5 O-O 6. c3 Bd6 7. Nc4 Qf6 8. f3 Qh4+ 9. g3 Nxg3 10. Nxg3 Bxg3+ 11. Ke2 Qxc4+ 12. d3 Qe6+ 13. Kd2 Bf4+ 14. Kc2 Bxc1 15. Rxc1 d5 16. h4 d4 17. c4 Nc6 18. Qd2 Re8 19. Re1 Qxe1 0-1

[Event "Ste Foy Alekhine"]
[Site "Ste Foy CAN"]
[Date "2017.09.18"]
[Round "2"]
[White "Bahadi, Khalid"]
[Black "Beauchesne, Jonathan"]
[Result "0-1"]
[WhiteElo "1969"]
[BlackElo "1786"]
[WhiteFideId "-1"]
[WhiteFideId "-1"]
[PlyCount "53"]
[GameId "2160767908338639"]
[EventDate "2017.09.11"]
[EventType "swiss"]
[EventRounds "5"]
[EventCountry "CAN"]
[SourceTitle "EXT 2022"]
[Source "ChessBase"]
[SourceDate "2021.10.06"]
[SourceVersion "1"]
[SourceVersionDate "2021.10.06"]
[SourceQuality "1"]

1. e4 c5 2. Nf3 d6 3. d4 cxd4 4. Nxd4 Nf6 5. Nc3 g6 6. Be2 Bg7 7. g4 Nxg4 8. Bxg4 Bxg4 9. f3 Bh3 10. Be3 Nc6 11. Qd2 O-O 12. Rg1 Bd7 13. h4 h5 14. O-O-O Ne5 15. Bh6 Kh7 16. Bxg7 Kxg7 17. Nf5+ Bxf5 18. exf5 Nxf3 19. Qe3 Nxg1 20. Nd5 e6 21. Nf4 Qb6 22. Qg3 Ne2+ 23. Nxe2 Qc5 24. fxe6 fxe6 25. Nf4 Qf5 26. Rf1 e5 27. Qg5 0-1